<?xml version="1.0" encoding="UTF-8"?><?xml-stylesheet type="text/xsl" href="static/style.xsl"?><OAI-PMH xmlns="http://www.openarchives.org/OAI/2.0/" xmlns:xsi="http://www.w3.org/2001/XMLSchema-instance" xsi:schemaLocation="http://www.openarchives.org/OAI/2.0/ http://www.openarchives.org/OAI/2.0/OAI-PMH.xsd"><responseDate>2026-04-17T14:14:32Z</responseDate><request verb="GetRecord" identifier="oai:www.recercat.cat:2099.1/20591" metadataPrefix="marc">https://recercat.cat/oai/request</request><GetRecord><record><header><identifier>oai:recercat.cat:2099.1/20591</identifier><datestamp>2025-07-23T01:43:20Z</datestamp><setSpec>com_2072_1033</setSpec><setSpec>col_2072_452951</setSpec></header><metadata><record xmlns="http://www.loc.gov/MARC21/slim" xmlns:dcterms="http://purl.org/dc/terms/" xmlns:xsi="http://www.w3.org/2001/XMLSchema-instance" xmlns:doc="http://www.lyncode.com/xoai" xsi:schemaLocation="http://www.loc.gov/MARC21/slim http://www.loc.gov/standards/marcxml/schema/MARC21slim.xsd">
   <leader>00925njm 22002777a 4500</leader>
   <datafield ind2=" " ind1=" " tag="042">
      <subfield code="a">dc</subfield>
   </datafield>
   <datafield ind2=" " ind1=" " tag="720">
      <subfield code="a">Gimeno Huerta, Miguel Ángel</subfield>
      <subfield code="e">author</subfield>
   </datafield>
   <datafield ind2=" " ind1=" " tag="260">
      <subfield code="c">2014-01-08</subfield>
   </datafield>
   <datafield ind2=" " ind1=" " tag="520">
      <subfield code="a">L'objectiu d'aquesta placa, es poder donar una eina útil als estudiants que&#xd;
s'inicien en el mon dels microcontroladors, més concretament en el de la casa&#xd;
Microchip; que els permeti fer servir tant perifèrics interns com externs, com&#xd;
indicadors LED, interruptors, teclats, displays de visualització, ADC interns,&#xd;
UART, PWM, comunicacions inalàmbriques... i poder fer tot això desde la mateixa&#xd;
placa i sense la necesitat de cap altre hardware específic.&#xd;
La placa porta incorporat un clon del PICKit2 de Microchip, que permet la&#xd;
gravació del kit, a través del port USB de un PC, sense la necesitat de un&#xd;
grabadador extern. A més a més, el fet de que el grabador sigui un clon de un&#xd;
oficial, permet interactuar de forma directe amb l'IDE gratuït que ofereix&#xd;
Microchip, donant la capacitat, de crear codi tant en C, com en assemler,&#xd;
compilar o ensamblar (segons llenguatge utilitzat), grava i inclús debuggar tot&#xd;
desde el mateix software del PC, el MPLAB IDE, conseguint doncs, una major&#xd;
integració.</subfield>
   </datafield>
   <datafield tag="653" ind2=" " ind1=" ">
      <subfield code="a">Àrees temàtiques de la UPC::Informàtica</subfield>
   </datafield>
   <datafield tag="653" ind2=" " ind1=" ">
      <subfield code="a">Microcontrollers</subfield>
   </datafield>
   <datafield tag="653" ind2=" " ind1=" ">
      <subfield code="a">Microcontroladors</subfield>
   </datafield>
   <datafield ind2="0" ind1="0" tag="245">
      <subfield code="a">Kit didáctico para el desarrollo de microcontrolador PIC</subfield>
   </datafield>
</record></metadata></record></GetRecord></OAI-PMH>